| Tag |
First Indicator |
Second Indicator |
Subfields |
| LEADER |
00000cam a2200000 i 4500 |
| 001 |
in00005719086 |
| 005 |
20260319182730.9 |
| 006 |
m o d |
| 007 |
cr cnu|||unuuu |
| 008 |
200904t20202020enk ob 001 0 eng d |
| 040 |
|
|
|a N$T
|b eng
|e rda
|e pn
|c N$T
|d N$T
|d EBLCP
|d YDX
|d STBDS
|d OH1
|d OCLCF
|d IUL
|d UKAHL
|d OCLCQ
|d SFB
|d OCLCQ
|d OCLCO
|d VLB
|d OCLCL
|d CLOUD
|d OCLCO
|d UKKRT
|d FUT
|d OCLCO
|d OCLCQ
|d OCLKB
|d YWS
|
| 019 |
|
|
|a 1181842377
|a 1513440654
|
| 020 |
|
|
|a 9780192602473
|q (electronic bk.)
|
| 020 |
|
|
|a 0192602470
|q (electronic bk.)
|
| 020 |
|
|
|a 9780191890918
|q (electronic bk.)
|
| 020 |
|
|
|a 019189091X
|q (electronic bk.)
|
| 020 |
|
|
|z 9780198858812
|
| 020 |
|
|
|a 9780192602466
|
| 020 |
|
|
|a 0192602462
|
| 035 |
|
|
|a (OCoLC)1193033638
|z (OCoLC)1181842377
|z (OCoLC)1513440654
|
| 043 |
|
|
|a n-us---
|
| 050 |
|
4 |
|a PS228.W37
|b R46 2020eb
|
| 082 |
0 |
4 |
|a 810.9/358403
|2 23
|
| 049 |
|
|
|a TXAM
|
| 100 |
1 |
|
|a Rennie, David A.,
|e author.
|1 https://id.oclc.org/worldcat/entity/E39PCjyQdjXWc8TtjGPfqtk4FX
|
| 245 |
1 |
0 |
|a American writers and World War I /
|c David A. Rennie.
|
| 246 |
3 |
|
|a American writers and World War one
|
| 246 |
3 |
|
|a American writers and World War 1
|
| 250 |
|
|
|a First edition.
|
| 264 |
|
1 |
|a Oxford :
|b Oxford University Press,
|c 2020.
|
| 264 |
|
4 |
|c ©2020
|
| 300 |
|
|
|a 1 online resource (241 pages)
|
| 336 |
|
|
|a text
|b txt
|2 rdacontent
|
| 337 |
|
|
|a computer
|b c
|2 rdamedia
|
| 338 |
|
|
|a online resource
|b cr
|2 rdacarrier
|
| 588 |
0 |
|
|a Online resource; title from web page (Oxford Scholarship Online, viewed on October 23, 2020).
|
| 504 |
|
|
|a Includes bibliographical references (pages 191-237) and index.
|
| 505 |
0 |
|
|a The business of war: authorship, publishing, and World War I -- Edith Wharton -- Ellen La Motte and Mary Borden -- Thomas Boyd -- F. Scott Fitzgerald -- Laurence Stallings -- Ernest Hemingway.
|
| 520 |
|
|
|a Looking at texts written throughout the careers of Edith Wharton, Ellen La Motte, Mary Borden, Thomas Boyd, F. Scott Fitzgerald, Laurence Stallings, and Ernest Hemingway, American Writers and World War I argues that authors' war writing continuously evolved in response to developments in their professional and personal lives. Recent research has focused on constituencies of identity-such as gender, race, and politics-registered in American Great War writing. Rather than being dominated by their perceived membership of such socio-political categories, this study argues that writers reacted to and represented the war in complex ways which were frequently linked to the exigencies of maintaining a career as a professional author. War writing was implicated in, and influenced by, wider cultural forces such as governmental censorship, the publishing business, advertising, and the Hollywood film industry. American Writers and World War I argues that even authors' hallmark 'anti-war' works are in fact characterized by an awareness of the war's nuanced effects on society and individuals. By tracking authors' war writing throughout their entire careers-in well-known texts, autobiography, correspondence, and neglected works-this study contends that writers' reactions were multifaceted, and subject to change-in response to their developments as writers and individuals. This work also uncovers the hitherto unexplored importance of American cultural and literary precedents which offered writers means of assessing the war. Ultimately, the volume argues, American World War I writing was highly personal, complex, and idiosyncratic.
|
| 650 |
|
0 |
|a World War, 1914-1918
|z United States
|x Literature and the war.
|
| 650 |
|
0 |
|a American literature
|y 20th century
|x History and criticism.
|
| 650 |
|
6 |
|a Littérature américaine
|y 20e siècle
|x Histoire et critique.
|
| 650 |
|
7 |
|a World War I.
|2 bisacsh
|
| 650 |
|
7 |
|a Military.
|2 bisacsh
|
| 650 |
|
7 |
|a HISTORY.
|2 bisacsh
|
| 650 |
|
7 |
|a 20th Century.
|2 bisacsh
|
| 650 |
|
7 |
|a Modern.
|2 bisacsh
|
| 650 |
|
7 |
|a War and literature
|2 fast
|
| 651 |
|
7 |
|a United States
|2 fast
|1 https://id.oclc.org/worldcat/entity/E39PBJtxgQXMWqmjMjjwXRHgrq
|
| 647 |
|
7 |
|a World War
|d (1914-1918)
|2 fast
|1 https://id.oclc.org/worldcat/entity/E39Qhp4vB9cvdKydGHm4yKx7Gb
|
| 648 |
|
7 |
|a 1914-1918
|2 fast
|
| 655 |
|
7 |
|a Electronic books.
|2 local
|
| 655 |
|
7 |
|a Literary criticism.
|2 lcgft
|
| 655 |
|
7 |
|a Critiques littéraires.
|2 rvmgf
|
| 758 |
|
|
|i has work:
|a American writers and World War I (Text)
|1 https://id.oclc.org/worldcat/entity/E39PCGgFXBB8BrBf9kvMmhFrhd
|4 https://id.oclc.org/worldcat/ontology/hasWork
|
| 776 |
0 |
8 |
|i Print version:
|a Rennie, David A.
|t American writers and World War I.
|b First edition.
|d Oxford ; New York, NY : Oxford University Press, 2020
|z 0198858817
|w (OCoLC)1137818917
|
| 856 |
4 |
0 |
|u http://proxy.library.tamu.edu/login?url=https://academic.oup.com/book/33693
|z Connect to the full text of this electronic book
|t 0
|
| 955 |
|
|
|a Oxford Scholarship Online
|
| 994 |
|
|
|a 92
|b TXA
|
| 999 |
f |
f |
|i 33035ac3-6666-41cf-a2fa-8e1d2a489edc
|s b3f81cb7-0e02-4ab8-9ed7-4d9644f97881
|t 0
|
| 952 |
f |
f |
|a Texas A&M University
|b College Station
|c Electronic Resources
|s www_evans
|d Available Online
|t 0
|e PS228.W37 R46 2020eb
|h Library of Congress classification
|
| 998 |
f |
f |
|a PS228.W37 R46 2020eb
|t 0
|l Available Online
|